000
00282nam a2200109 4500
999
_c
9767
_d
9767
008
180717b ||||| |||| 00| 0 eng d
245
_a
Tax-sharing ordinance ok'd.
260
_a
Davao City
_b
Sun Star Davao
_c
c2016
300
_a
page 3.
650
0
_9
28963
_a
Taxation.
942
_2
ddc
_c
PER